000 00430cam a2200181ua 4500
020 _cRs 1.00
041 _amal
_h
082 _a894.812 2
_bSRE/VI
100 _aSreenivasan, A .
245 _aVivahikam /
_cA Sreenivasan.
_hTextual Documents
250 _a2 /
_b.
260 _aCannanore :
_bDesamitram Press ,
_c1959.
300 _a107 ; .
365 _aRs 1.00
504 _a
942 _cBK
999 _c451
_d451